English for academic purposes : A guide and resource book for teachers

This book provides a comprehensive overview of the field of English for Academic Purposes (EAP) for teachers. It looks at study skills and other concerns, such as needs analysis, syllabus and course design, methodology and materials, learning styles, tests and exams, academic style and genre analysi...

全面介紹

Đã lưu trong:
書目詳細資料
主要作者: Jordan, R. R.
格式: 圖書
語言:Undetermined
出版: Cambridge, UK Cambridge University Press 1997
主題:
標簽: 添加標簽
沒有標簽, 成為第一個標記此記錄!
Thư viện lưu trữ: Trung tâm Học liệu Trường Đại học Cần Thơ
LEADER 01023nam a2200229Ia 4500
001 CTU_103093
008 210402s9999 xx 000 0 und d
020 |c 425000 
082 |a 428.0071 
082 |b J82 
100 |a Jordan, R. R. 
245 0 |a English for academic purposes : 
245 2 |b A guide and resource book for teachers 
245 0 |c R. R. Jordan 
260 |a Cambridge, UK 
260 |b Cambridge University Press 
260 |c 1997 
520 |a This book provides a comprehensive overview of the field of English for Academic Purposes (EAP) for teachers. It looks at study skills and other concerns, such as needs analysis, syllabus and course design, methodology and materials, learning styles, tests and exams, academic style and genre analysis. 
650 |a English language,English language,Academic writing 
650 |x Study and teaching (Higher),Foreign speakers,Rhetoric,Study and teaching,Study and teaching 
904 |i Mai 
980 |a Trung tâm Học liệu Trường Đại học Cần Thơ